| 000 | 00391nam a22001697a 4500 | ||
|---|---|---|---|
| 005 | 20260408104710.0 | ||
| 008 | 160627b xxu||||| |||| 00| 0 eng d | ||
| 020 | _a0-14-070713-1 | ||
| 041 | _aeng | ||
| 082 | _a822.33 | ||
| 100 |
_a Shakespeare, William _92908 |
||
| 245 | _aThe Tempest | ||
| 260 |
_bPenguin India _c1996 |
||
| 300 | _a186 | ||
| 650 |
_aENGLISH DRAMA _98926 |
||
| 942 | _cBK | ||
| 999 |
_c4139 _d4138 |
||